Normal view
MARC view
- Sachdeva AAkriti
Entry Personal Name
001 - CONTROL NUMBER
- control field: 183193
003 - CONTROL NUMBER IDENTIFIER
- control field: OSt
005 - DATE AND TIME OF LATEST TRANSACTION
- control field: 20230605085028.0
008 - FIXED-LENGTH DATA ELEMENTS
- fixed length control field: 230605|| aca||aabn | a|a d
040 ## - CATALOGING SOURCE
- Original cataloging agency: OSt
- Transcribing agency: OSt
100 ## - HEADING--PERSONAL NAME
- Personal name: Sachdeva AAkriti
670 ## - SOURCE DATA FOUND
- Source citation: Work cat.: (OSt)161258: Sachdeva AAkriti, "Climate Change Resilient City, Chennai", 2017